| 000 | 00882nam a2200157Ia 4500 | ||
|---|---|---|---|
| 008 | 210327s9999||||xx |||||||||||||| ||und|| | ||
| 040 | _cSTCPL | ||
| 041 | _hENG | ||
| 082 |
_a235.2 _bGAL-L |
||
| 100 | _aGalvin James J | ||
| 245 | 0 | _aListen, vienna ! _ the life of st.clement mary hotbauer cssr | |
| 260 |
_aBangalore _bPerpetual Help Press _c1953 |
||
| 300 | _a18C.M, 307P | ||
| 650 | _aSpiritual BeingsSaintsसीहित्य -समीक्षा की सीमाएं , सौद्दान्तीक के दौ रूप , का परिचय , सह -सम्वनध, रूपातमक सौ द्दान्तिकी का आधारभूत नियम , संरिलषटता , अनुक्ति, संरलषण , नौतिक और सामाजिक सौद्दान्तिकियां | ||
| 942 | _cBK | ||
| 999 |
_c26548 _d26548 |
||